000 00892nac a22002291u 4500
010 _a 93024955
020 _a0300053657 (alk. paper)
082 0 0 _a320.947
_bYAK
090 _c6797
_d6797
100 _aYakovlev, Alexander
245 1 4 _aThe fate of Marxism in Russia /
_cAlexander Yakovlev ; translated from the Russian by Catherine A. Fitzpatrick.
260 _aNew Haven, Conn. :
_bYale University Press,c1993.
_cc1993.
300 _axxi, 250 p. ;
_c25 cm.
500 _aIncludes index.
500 _aDistributer: Al-Ahram.
511 _aCatalogued By: Mahitab.
650 0 _aCommunism
_zSoviet Union.
650 0 _aDemocracy
_zSoviet Union.
651 0 _aSoviet Union
_xPolitics and government
_y1985-1991.
942 _cBB
_k320.947YAK
999 _c6797
_d6797